Datum a čas kvízu
36
Celkem bodů
Celkový počet nahraných bodů na tomto kvízu bez doplňovacích otázek.
5.
Pořadí na kvízu
Konečné umístění týmu na tomto kvízu.
Zaznamenané odpovědi
| # | Otázka | Odpověď | Body | Výsledky |
|---|---|---|---|---|
| 1. | Bývalá první dáma oslavila v ú... | Ivana Zemanová, 60 | 1 | |
| 2. | Ve vysílání maďarské státní te... | Bratislavský hrad | 1 | |
| 3. | Režisér Karel Janák minulý týd... | Snowboarďáci | 1 | |
| 4. | Který evropský poloostrov post... | Pyrenejský (Iberský) | 1 | |
| 5. | Minulý týden plnil stránky spo... | Andrej Kollár | 0 | |
| 6. | Podíváme se na několik známých... | Cheops / Chufu (Chufev) | 1 | |
| 7. | V Egyptě ještě chvíli zůstanem... | Hatšepsut (Hatšepsovet) | 1 | |
| 8. | Jak se nazývá tento pantheon –... | Slavín | 1 | |
| 9. | Ve které evropské metropoli se... | v Paříži | 1 | |
| 10. | V poslední otázce tématu se po... | Jenny Gump | 1 |